KOHA-Header-6

Signals & Systems (Record no. 194)

000 -LEADER
fixed length control field 00300nam a2200121Ia 4500
008 - FIXED-LENGTH DATA ELEMENTS--GENERAL INFORMATION
fixed length control field 190722s9999 xx 000 0 und d
020 ## - INTERNATIONAL STANDARD BOOK NUMBER
International Standard Book Number 978-81-224-3627-3
100 ## - MAIN ENTRY--PERSONAL NAME
Personal name B. Kumar
245 #0 - TITLE STATEMENT
Title Signals & Systems
260 ## - PUBLICATION, DISTRIBUTION, ETC. (IMPRINT)
Place of publication, distribution, etc New Delhi
Name of publisher, distributor, etc New Age International Pvt Ltd.
Date of publication, distribution, etc 2014
300 ## - PHYSICAL DESCRIPTION
Extent 703
942 ## - ADDED ENTRY ELEMENTS (KOHA)
Koha item type Books
Holdings
Withdrawn status Lost status Source of classification or shelving scheme Damaged status Not for loan Collection code Permanent Location Current Location Shelving location Date acquired Total Checkouts Full call number Barcode Date last seen Date checked out Price effective from Koha item type
          Electrical Engineering MAJU MAJU Shelf No.A34 2019-07-22 1 621.3822 6820 2020-09-08 2020-02-14 2019-07-22 Electrical Engineering

Powered by Koha